Word Ladder: The Birdman Soars Quiz Stats

 Plays Quiz Updated Oct 15, 2017

Challenge
Share
Tweet
Embed
Score 0/24 Timer 02:00
0 Plays Today
Answer % Correct
TICK
98.6%
MICK
98.4%
TINY
97.3%
STARE
95.5%
✦ HALF ✦
95.2%
STATE
95.2%
✦ TONY ✦
95.1%
TINK
94.1%
CALL
94%
CALF
93.7%
MALL
93.3%
MACK
92.4%
Answer % Correct
BEARD
92.2%
STARS
92.1%
BEARS
91.9%
MILL
91.9%
MILE
91.4%
SEARS
89.7%
PILE
86.1%
HACK
85.5%
✦ HAWK ✦
85.2%
✦ BOARD ✦
83.6%
✦ PIPE ✦
61.4%
✦ SKATE ✦
59%

Today's Daily Dose

You're not logged in!

Compare scores with friends on all Sporcle quizzes.
Join for Free
OR
Log In

You Might Also Like...

Show Comments

Extras

Top Quizzes Today


Score Distribution

Your Account Isn't Verified!

In order to create a playlist on Sporcle, you need to verify the email address you used during registration. Go to your Sporcle Settings to finish the process.

Report this User

Report this user for behavior that violates our Community Guidelines.

Details: